LIBRARY & INFORMATION CENTRE, KCAET, TAVANUR

ONLINE PUBLIC ACCESS CATALOGUE (OPAC)

Theory and design of irrigation structures | Volume 2: Canal and Storage Works (Record no. 10385)

MARC details
000 -LEADER
fixed length control field 00531cam a2200193ua 4500
003 - CONTROL NUMBER IDENTIFIER
control field OSt
008 - FIXED-LENGTH DATA ELEMENTS--GENERAL INFORMATION
fixed length control field 250211b |||||||| |||| 00| 0 eng d
020 ## - INTERNATIONAL STANDARD BOOK NUMBER
ISBN 81 85240 48 5
041 ## - LANGUAGE CODE
Language code of text/sound track or separate title eng
082 ## - DEWEY DECIMAL CLASSIFICATION NUMBER
Classification number 627.52
Item number VAR/TH
100 ## - MAIN ENTRY--AUTHOR NAME
Personal name Varshney, R.S.
245 ## - TITLE STATEMENT
Title Theory and design of irrigation structures
Remainder of title Volume 2: Canal and Storage Works
250 ## - EDITION STATEMENT
Edition statement 6 /
260 ## - PUBLICATION, DISTRIBUTION, ETC. (IMPRINT)
Place of publication Roorkee :
Name of publisher Nem Chand And Bros ,
Year of publication 1993.
300 ## - PHYSICAL DESCRIPTION
Number of Pages 784 ; .
700 1# - ADDED ENTRY--PERSONAL NAME
Personal name Gupta, R L .
700 1# - ADDED ENTRY--PERSONAL NAME
Personal name Gupta, S.C.
942 ## - ADDED ENTRY ELEMENTS (KOHA)
Koha item type Books
Holdings
Withdrawn status Lost status Damaged status Home library Current library Date acquired Cost, normal purchase price Full call number Accession Number Koha item type
      KAUAET KAUAET 07/04/2012 125.00 627.52 VAR/TH 19331 Books
      KAUAET KAUAET 11/02/2025 125.00 627.52 VAR/TH 19330 Books
free website counter